Hồ Chí Minh danh nhân văn hóa

Saved in:
Bibliographic Details
Main Author: Đào Phan
Format: Book
Language:Undetermined
Published: Hà Nội Văn hóa Thông tin 2005
Subjects:
Tags: Add Tag
No Tags, Be the first to tag this record!
Institutions: Trung tâm Học liệu Trường Đại học Cần Thơ
LEADER 00582nam a2200205Ia 4500
001 CTU_125916
008 210402s9999 xx 000 0 und d
020 |c 39000 
082 |a 809 
082 |b Đ108 
100 |a Đào Phan 
245 0 |a Hồ Chí Minh danh nhân văn hóa 
245 0 |c Đào Phan 
260 |a Hà Nội 
260 |b Văn hóa Thông tin 
260 |c 2005 
650 |a Ho Chi Minh,Vietnamese literature 
650 |x Biography,History and criticism 
904 |i Quang Hiếu 
980 |a Trung tâm Học liệu Trường Đại học Cần Thơ